000 00652nam a2200265Ia 4500
005 20260121165548.0
008 008 260114s9999 xx 000 0 eng d
020 _a9783319572826
037 _aEBOOK
040 _aCRL
040 _beng
040 _cCRL
041 _2eng
041 _aeng
084 _qCRL
100 _aHelga Turku
_91053267
245 4 _aThe Destruction of Cultural Property as a Weapon of War
260 _bSpringer
260 _bSpringer
260 _c2018
856 _uhttps://link.springer.com/openurl?genre=book&isbn=978-3-319-57282-6
942 _cEBOOK
999 _c1618993
_d1618993